| 000 | 00737nam a2200241Ia 4500 | ||
|---|---|---|---|
| 003 | OSt | ||
| 005 | 20220925211647.0 | ||
| 006 | a|||||r|||| 00| 0 | ||
| 007 | ta | ||
| 008 | 220923b |||||||| |||| 00| 0 eng d | ||
| 037 | _cGeneral Book | ||
| 040 |
_aRTL _cRTL _beng |
||
| 041 |
_2eng _aeng |
||
| 082 | _aY74477N:47.N47<--N25, M2 | ||
| 100 |
_aYouno Asoso _9275071 |
||
| 245 | 0 | _aNagas struggle against the British rule under Jadonang and Rani Gaidinliu 1925-1947 | |
| 260 |
_aKohima _bLeno Printing Press _c1982 |
||
| 300 |
_a236p _ccm. |
||
| 500 | _aBibliography: P 225-28 | ||
| 650 | _aIndian Society | ||
| 942 |
_hY74477N:47.N47<--N25, M2 _cGB _2CC |
||
| 999 |
_c558368 _d558368 |
||